[Event "Stay Safe Play From Home 210"]
[Site "T#646654Emanuel Laske"]
[Date "2020.06.08"]
[Round "5"]
[White "Sadbat1122"]
[Black "DrKHF"]
[Result "0-1"]
[WhiteElo "1576"]
[BlackElo "1693"]
[Annotator "NA"]
[PlyCount "94"]
[EventDate "2020.06.08"]
[EventType "swiss (blitz)"]

1. e4 {[%emt 0:00:02]} d6 {[%emt 0:00:01]} 2. Nf3 {[%emt 0:00:02]} Nf6 {[%emt 0:00:01]} 3. Nc3 {[%emt 0:00:02]} g6 {[%emt 0:00:02]} 4. Bc4 {[%emt 0:00:02]} Bg7 {[%emt 0:00:01]} 5. d3 {[%emt 0:00:02]} O-O {[%emt 0:00:03]} 6. Bg5 {[%emt 0:00:02]} Bg4 {[%emt 0:00:01]} 7. Qe2 {[%emt 0:00:03]} c5 {[%emt 0:00:05]} 8. h3 {[%emt 0:00:02]} Bxf3 {[%emt 0:00:02]} 9. Qxf3 {[%emt 0:00:02]} Nc6 {[%emt 0:00:01]} 10. Ne2 {[%emt 0:00:05]} a6 {[%emt 0:00:07]} 11. O-O {[%emt 0:00:06]} b5 {[%emt 0:00:03]} 12. Bd5 {[%emt 0:00:03]} Nxd5 {[%emt 0:00:02]} 13. exd5 {[%emt 0:00:02]} Ne5 {[%emt 0:00:02]} 14. Qe3 {[%emt 0:00:05]} f6 {[%emt 0:00:13]} 15. Bf4 {[%emt 0:00:02]} Qd7 {[%emt 0:00:02]} 16. c3 {[%emt 0:00:04]} Rae8 {[%emt 0:00:07]} 17. Qd2 {[%emt 0:00:04]} g5 {[%emt 0:00:10]} 18. Bxe5 {[%emt 0:00:04]} dxe5 {[%emt 0:00:01]} 19. c4 {[%emt 0:00:03]} b4 {[%emt 0:00:02]} 20. Ng3 {[%emt 0:00:05]} e6 {[%emt 0:00:04]} 21. dxe6 {[%emt 0:00:02]} Qxe6 {[%emt 0:00:02]} 22. Qc2 {[%emt 0:00:02]} Rd8 {[%emt 0:00:03]} 23. Rad1 {[%emt 0:00:03]} Rd4 {[%emt 0:00:01]} 24. Ne2 {[%emt 0:00:03]} Rd6 {[%emt 0:00:01]} 25. Rd2 {[%emt 0:00:05]} Rfd8 {[%emt 0:00:01]} 26. Rfd1 {[%emt 0:00:02]} f5 {[%emt 0:00:02]} 27. f3 {[%emt 0:00:04]} h6 {[%emt 0:00:01]} 28. Qa4 {[%emt 0:00:08]} h5 {[%emt 0:00:13]} 29. Ng3 {[%emt 0:00:06]} h4 {[%emt 0:00:05]} 30. Ne2 {[%emt 0:00:02]} Bh6 {[%emt 0:00:01]} 31. Nc1 {[%emt 0:00:08]} g4 {[%emt 0:00:02]} 32. Re2 {[%emt 0:00:05]} gxh3 {[%emt 0:00:02]} 33. gxh3 {[%emt 0:00:02]} Bf4 {[%emt 0:00:04]} 34. Rg2+ {[%emt 0:00:02]} Kh7 {[%emt 0:00:03]} 35. Qa5 {[%emt 0:00:03]} Be3+ {[%emt 0:00:05]} 36. Kh1 {[%emt 0:00:05]} Rg8 {[%emt 0:00:05]} 37. Rxg8 {[%emt 0:00:09]} Kxg8 {[%emt 0:00:02]} 38. Qc7 {[%emt 0:00:07]} Qg6 {[%emt 0:00:03]} 39. Qc8+ {[%emt 0:00:08]} Kh7 {[%emt 0:00:03]} 40. Ne2 {[%emt 0:00:13]} Rf6 {[%emt 0:00:26]} 41. Qd7+ {[%emt 0:00:03]} Rf7 {[%emt 0:00:01]} 42. Qd8 {[%emt 0:00:03]} Qh5 {[%emt 0:00:03]} 43. Rf1 {[%emt 0:00:05]} e4 {[%emt 0:00:03]} 44. dxe4 {[%emt 0:00:02]} fxe4 {[%emt 0:00:01]} 45. f4 {[%emt 0:00:02]} Qxe2 {[%emt 0:00:02]} 46. Qxh4+ {[%emt 0:00:02]} Kg8 {[%emt 0:00:02]} 47. Qg5+ {[%emt 0:00:03]} Rg7 {[%emt 0:00:01] Time (Lag: Av=0.68s, max=1.3s)} 0-1

[Event "Stay Safe Play From Home 210"]
[Site "T#646654Emanuel Laske"]
[Date "2020.06.08"]
[Round "6"]
[White "Mepe_Nika"]
[Black "Greblah"]
[Result "1-0"]
[WhiteElo "2313"]
[BlackElo "2016"]
[Annotator "TA"]
[PlyCount "103"]
[EventDate "2020.06.08"]
[EventType "swiss (blitz)"]

{[%evp 20,102,0,19,74,42,109,102,108,103,121,94,138,108,184,118,134,127,384,145,147,105,101,-13,-2,-14,0,0,48,43,41,0,26,31,495,476,929,914,1391,1391,1391,1391,1391,1391,1351,1372,1371,1285,29957,5504,7404,6710,29985,29985,29986,5289,29980,29981,29981,29982,29980,29981,29986,29987,29987,29988,29988,29989,29989,29990,29991,29992,29992,29993,29993,29994,29994,29995,29996,29997,29997,29998,29998,29999,29999]} 1. d4 c6 2. c4 d5 3. Nf3 Nf6 4. Qc2 e6 5. Nbd2 Nbd7 6. g3 g6 7. Bg2 Bg7 8. O-O O-O 9. e4 dxe4 10. Nxe4 Nxe4 11. Qxe4 Nf6 {D78: Fianchetto Grünfeld: 6 0-0 c6.} (11... Re8 $11 {keeps the balance.}) 12. Qe2 Bd7 {[#]} (12... Re8 $14) 13. Bf4 $146 ({Predecessor:} 13. Rd1 Re8 14. Ne5 Qe7 15. a4 Rad8 16. a5 a6 17. b3 Bc8 18. Ba3 Qc7 19. Qf3 Rxd4 20. Rxd4 Qxe5 {1-0 (33) Valle,A (2257)-Gomes da Silva Filho,J (1979) Teresina 2013}) 13... Re8 {White is better.} 14. Rad1 Nh5 15. Be5 Qa5 16. a3 Rac8 (16... f6 $16) 17. Qe3 (17. g4 $18 Nf6 18. Nd2) 17... b5 18. b4 Qa6 $2 {[%mdl 8192]} (18... Qd8 $16 {keeps fighting.} 19. Bd6 bxc4) 19. c5 $2 (19. g4 $18) 19... Nf6 $16 20. Nd2 Nd5 21. Bxd5 (21. Qb3 $16) 21... exd5 $11 22. Qf4 Bh3 {aiming for ...f6.} 23. Rfe1 Qb7 24. Bxg7 Kxg7 25. Nf3 Rxe1+ 26. Rxe1 {Threatens to win with Ng5.} Qc7 $2 {[%mdl 8192] White now steadily converts the win.} ({Better is} 26... f6 $14) 27. Qh4 $18 Be6 (27... Bf5 $142 28. Re7 Qd8) 28. Ng5 $1 {[%csl LRe6,LRh7][%mdl 64] Double Attack} h6 29. Nxe6+ fxe6 30. Rxe6 {[%mdl 4096] Endgame KQR-KQR} Qf7 31. Re7 Rf8 32. Rxf7+ Rxf7 {KQ-KR} 33. Qd8 Kh7 {[#]} 34. Qe8 $1 Kg7 35. Qxc6 {[%mdl 64] Double Attack} g5 36. Qxd5 Kg6 {[#]} 37. Qxf7+ $3 Kxf7 {KP-KP} 38. d5 {White mates.} Ke7 39. d6+ Kd7 40. f4 a6 41. fxg5 hxg5 42. h4 gxh4 43. gxh4 Ke6 44. h5 Kf6 45. d7 Ke7 46. c6 Kd8 47. h6 Kc7 48. h7 Kxc6 49. d8=Q a5 50. h8=Q {[%cal Rh8h1]} axb4 51. Qhf6+ Kb7 52. Qfb6# {Accuracy: White = 63%, Black = 45%.} 1-0

[Event "Stay Safe Play From Home 210"]
[Site "T#646654Emanuel Laske"]
[Date "2020.06.08"]
[Round "6"]
[White "Weltszmerc"]
[Black "little champs"]
[Result "1-0"]
[WhiteElo "2159"]
[BlackElo "2063"]
[Annotator "TA"]
[PlyCount "181"]
[EventDate "2020.06.08"]
[EventType "swiss (blitz)"]

{[%evp 13,180,70,70,68,70,70,72,72,86,85,70,77,94,37,127,113,126,122,116,78,132,115,179,178,217,222,224,218,237,236,229,178,252,243,253,212,264,245,271,270,265,250,250,251,259,241,241,241,270,237,311,290,307,305,303,311,507,491,504,506,504,497,581,501,493,490,547,544,536,539,1070,1066,1055,873,997,833,1310,713,691,706,698,691,599,577,732,596,795,778,1213,1220,1672,1203,1120,1114,1074,1071,1160,899,1486,0,812,745,2079,2079,29982,29983,29983,1639,29985,29985,29986,29987,29987,29988,29988,29989,29989,29989,29989,29986,29986,29987,29987,29987,29987,29988,29988,29989,29989,29990,29991,29992,29993,29992,29995,29993,29993,29993,29994,29994,29994,29995,29995,29993,29993,29993,29993,29994,29994,29994,29994,29994,29994,29994,29996,29995,29995,29996,29996,29996,29996,29997,29997,29997,29997,29998,29998,29999,29999]} 1. d4 Nf6 2. c4 e6 3. Nf3 c5 4. d5 exd5 5. cxd5 d6 6. Nc3 Be7 7. e4 O-O 8. h3 {A60: Modern Benoni: Early Divergences.} a6 9. a4 Nbd7 10. Bd3 {White is better.} Ne5 11. Nxe5 dxe5 12. O-O Ne8 {[#]} 13. a5 $146 (13. Be3 $16) ({Predecessor:} 13. f4 Bd6 14. Qf3 Bd7 15. Kh1 Rb8 16. a5 Qc8 17. fxe5 Bxe5 18. Bf4 Qc7 19. Qg3 Bxf4 20. Qxf4 Qxf4 21. Rxf4 {1-0 (29) Ofitserian,B (2141)-Yashmetov,M (1858) Kolomna 2014}) 13... f5 ({Black should try} 13... Bd7 $14) 14. exf5 $1 $16 Bxf5 15. Bxf5 Rxf5 16. Qd3 Rf8 (16... Nd6 $142) 17. Be3 $36 {[%mdl 2048] White is really pushing.} Bd6 (17... Rc8 $16) 18. Ne4 $18 {[%cal Bc3e4,Be4g5,Bg5e6][%mdl 32]} Rc8 19. Ng5 {[%csl Gg5][%cal Rd3h7]} Nf6 20. Ne6 {[%mdl 64] Double Attack} Qe7 21. Nxf8 {aiming for Ne6.} Rxf8 22. Rad1 Nh5 (22... e4 $142 23. Qc3 Nd7) 23. Qe4 Nf6 24. Qh4 h6 25. Rfe1 Qf7 26. Qc4 Nd7 27. Qg4 Nf6 28. Qe6 Rd8 29. Qxf7+ Kxf7 30. Re2 Nd7 31. g3 g5 32. Kg2 Kf6 33. Rc2 h5 34. Rc3 g4 $2 (34... Kf5 {was necessary.} 35. f3 Kg6) 35. hxg4 hxg4 36. Rb3 Rb8 37. Rh1 {Hoping for Rh6+.} Bf8 38. Rh4 Kf5 39. Rh5+ Kg6 40. Rg5+ Kf7 41. Rxg4 c4 42. Rxc4 Bd6 43. Bb6 Rg8 44. Bc7 Ke7 45. Bxd6+ Kxd6 {[%mdl 4096] Endgame KRR-KRN} 46. Rh4 Nc5 47. Rb6+ Kxd5 48. Rh7 Rd8 49. Re7 Kd4 50. b4 Ne4 51. Rbxb7 Rc8 52. Rec7 Rf8 53. Rd7+ Kc4 54. Rf7 Rd8 55. Rfe7 Rd2 56. Rf7 $2 (56. Rec7+ $18 Kb3 57. b5 axb5 58. a6 Rxf2+ 59. Kh3) 56... Nc3 $2 {[%mdl 8192]} (56... Rd8 $11 57. Rfc7+ Kd4) 57. Rbc7+ Kb3 58. Rf3 Rc2 {[#]} 59. b5 $1 axb5 {[#]} 60. a6 (60. Rfxc3+ $142 $1 Rxc3 61. Rxc3+ Kxc3 62. a6 Kd4 63. a7 Ke4 64. a8=Q+ Kd3 {[#]} 65. Qd5+ $1 {[%mdl 576] Double Attack} Kc3 66. Qc5+ Kd2 67. Qxb5) 60... Kb4 {[#]} 61. Rfxc3 $1 {[%mdl 64] Promotion. White mates.} Rxc3 62. Rxc3 Kxc3 {K3P-KPP} 63. a7 b4 64. a8=Q b3 65. Qd5 b2 66. Qxe5+ Kc2 {[#]} 67. Qxb2+ $3 Kxb2 {KP-KP} 68. g4 Kc3 69. g5 Kd4 70. g6 Ke5 71. g7 Kf6 72. g8=Q Kf5 73. Qg3 Ke4 74. f4 Kf5 75. Qg5+ Ke4 76. f5 Ke5 77. f6+ Ke6 {[#]} 78. f7 $1 Kxf7 79. Kf3 Ke6 80. Kf4 Kd6 81. Qf5 Kc6 82. Qe5 Kb6 83. Ke4 Ka6 84. Kd4 Kb6 85. Qd5 Kc7 86. Qc5+ Kd7 87. Kd5 Ke8 88. Qc7 Kf8 89. Ke6 {[%csl Ge6][%cal Rc7f7]} Kg8 90. Kf6 {[%csl Gf6][%cal Rc7g7]} Kh8 91. Qg7# {Accuracy: White = 77%, Black = 36%.} 1-0

[Event "Stay Safe Play From Home 210"]
[Site "T#646654Emanuel Laske"]
[Date "2020.06.08"]
[Round "6"]
[White "Klausen"]
[Black "Trotsky"]
[Result "1-0"]
[WhiteElo "1939"]
[BlackElo "1581"]
[Annotator "TA"]
[PlyCount "79"]
[EventDate "2020.06.08"]
[EventType "swiss (blitz)"]

{[%evp 9,79,47,53,21,31,20,71,28,44,38,51,41,49,45,50,47,52,24,38,35,40,0,22,0,115,110,101,71,358,360,340,316,357,333,406,412,374,331,329,315,313,307,361,363,354,351,687,681,667,676,453,391,481,451,504,-260,-238,-237,252,254,244,222,640,664,632,956,608,0,29986,29987,29987,29988]} 1. d4 e6 2. Nf3 d6 3. c4 Be7 4. Nc3 Nf6 5. Bg5 O-O 6. e3 {A40: Unusual replies to 1 d4.} c5 7. Be2 a6 (7... Nbd7 $11) 8. O-O {White is better.} cxd4 9. Nxd4 Qc7 10. Rc1 Nc6 {[#]} 11. Qd2 $146 ({Predecessor:} 11. Bxf6 Bxf6 12. Nd5 exd5 13. cxd5 Bxd4 14. exd4 Qb6 15. dxc6 bxc6 16. Qc2 Be6 17. b3 Qxd4 18. Qxc6 {½-½ (31) Rivas Pastor,M (2505)-Illescas Cordoba,M (2525) Leon 1989}) 11... Nxd4 12. Qxd4 b6 13. Bf3 Bb7 14. Bxb7 Qxb7 15. Rfd1 (15. Bxf6 $5 Bxf6 16. Qxd6 $14) 15... Rad8 16. b3 e5 (16... Rd7 $11) 17. Qd2 $16 d5 18. cxd5 Bd6 $2 {[%mdl 8192]} (18... Nxd5 $16 {was worth a try.} 19. Nxd5 (19. Bxe7 Nf4 $17 {[%mdl 64] Discovered Attack}) 19... Bxg5) 19. Bxf6 $18 gxf6 20. Ne4 Qe7 21. Rc6 Kh8 22. Rxb6 ({Weaker is} 22. Nxd6 Rxd6 23. Qc3 Kg7 $18) 22... f5 23. Nxd6 ({Don't play} 23. Rxd6 Rxd6 24. Nxd6 Qxd6 $18) 23... Rxd6 24. Rxd6 Qxd6 {[%mdl 4096] Endgame KQR-KQR} 25. Qc3 Rg8 26. f4 f6 27. Qc6 Qf8 $2 (27... Rd8) 28. fxe5 fxe5 29. Qe6 Qg7 {[%csl Gg8][%cal Rg7g2]} 30. Rd2 e4 31. Qxf5 Rf8 32. Qxf8+ $4 {[%mdl 8192]} (32. Qh5 $18 {is the narrow road to win.}) 32... Qxf8 {KQ-KR} 33. d6 Qd8 $4 {[%mdl 8192]} (33... Qc8 $1 $19 {[%cal Rc8c1] avoids the disaster. ( -> ...Qc1+)} 34. Kf2 Qd7) 34. d7 Kg7 {[#]} 35. g4 $1 {[%mdl 1024] [#] White has strong compensation.} Kf6 $2 (35... h5 $1 {[%mdl 512]}) 36. h4 h6 37. Kg2 Ke5 38. Rd4 $2 (38. a3 $18 Ke6 39. Rd4) 38... Qe7 $2 {[%mdl 8192]} (38... Qxh4 $11 39. d8=Q Qxg4+ 40. Kh2 Qh5+ 41. Kg3 Qf3+ {[%mdl 64] Double Attack} 42. Kh4 Qh1+ 43. Kg3 Qf3+ 44. Kh4 Qh1+ 45. Kg3 Qf3+) 39. d8=Q Qxd8 40. Rxd8 {Accuracy: White = 69%, Black = 42%.} 1-0

[Event "Stay Safe Play From Home 210"]
[Site "T#646654Emanuel Laske"]
[Date "2020.06.08"]
[Round "6"]
[White "Dukic"]
[Black "Lucknow"]
[Result "1-0"]
[WhiteElo "1850"]
[BlackElo "1739"]
[Annotator "NA RC"]
[PlyCount "49"]
[EventDate "2020.06.08"]
[EventType "swiss (blitz)"]

1. d4 {[%emt 0:00:03]} d5 {[%emt 0:00:01]} 2. c4 {[%emt 0:00:01]} c6 {[%emt 0:00:01]} 3. cxd5 {[%emt 0:00:02]} cxd5 {[%emt 0:00:02]} 4. Nc3 {[%emt 0:00:00]} Nf6 {[%emt 0:00:02]} 5. Nf3 {[%emt 0:00:00]} Nc6 {[%emt 0:00:02]} 6. Ne5 {[%emt 0:00:05]} e6 {[%emt 0:00:07]} 7. Bg5 {[%emt 0:00:05]} Be7 {[%emt 0:00:02]} 8. e3 {[%emt 0:00:01]} O-O {[%emt 0:00:02]} 9. Bd3 {[%emt 0:00:02]} Bd7 {[%emt 0:00:07]} 10. O-O {[%emt 0:00:02]} Qc7 {[%emt 0:00:02]} 11. f4 {[%emt 0:00:09]} a6 {[%emt 0:00:02]} 12. Rc1 {[%emt 0:00:02]} Qd6 {[%emt 0:00:05]} 13. Bb1 {[%emt 0:00:09]} Be8 {[%emt 0:00:08]} 14. a3 {[%emt 0:00:05]} Nd7 {[%emt 0:00:08]} 15. Bxe7 {[%emt 0:00:06]} Nxe7 {[%emt 0:00:05]} 16. Na4 {[%emt 0:00:11]} f6 {[%emt 0:00:10]} 17. Nd3 {[%emt 0:00:03]} Rc8 {[%emt 0:00:05]} 18. Nac5 {[%emt 0:00:02]} Nxc5 {[%emt 0:00:09]} 19. Nxc5 {[%emt 0:00:02]} Bc6 {[%emt 0:00:05]} 20. Qg4 {[%emt 0:00:09]} f5 {[%emt 0:00:02]} 21. Qh3 {[%emt 0:00:02]} b6 {[%emt 0:00:24]} 22. Nd3 {[%emt 0:00:19]} Bb5 {[%emt 0:00:04]} 23. g4 {[%emt 0:00:03]} fxg4 {[%emt 0:00:15]} 24. Qxg4 {[%emt 0:00:02]} Nf5 {[%emt 0:00:02]} 25. Qh3 {[%emt 0:00:05] Lucknow gibt auf (Lag: Av=0.36s, max=0.8s)} 1-0

[Event "Stay Safe Play From Home 210"]
[Site "T#646654Emanuel Laske"]
[Date "2020.06.08"]
[Round "6"]
[White "Buzaglo"]
[Black "SoulofWolf"]
[Result "0-1"]
[WhiteElo "1761"]
[BlackElo "2087"]
[Annotator "TA"]
[PlyCount "59"]
[EventDate "2020.06.08"]
[EventType "swiss (blitz)"]

{[%evp 10,59,29,30,25,15,25,15,31,-5,22,7,88,46,63,-55,76,45,49,-52,0,-96,-66,-321,-278,-251,-207,-304,-162,-176,-173,-173,0,-209,-205,-214,-212,-357,-216,-208,-204,-2282,-2137,-29991,-29992,-29993,-29994,-29994,-29991,-29997,-29993,-29995]} 1. d4 e6 2. Nf3 d5 3. g3 Nd7 4. Bg2 Bd6 5. O-O Ngf6 6. Nbd2 O-O {D02: 1 d4 d5 2 Nf3 sidelines, including 2...Nf6 3 g3 and 2...Nf6 3 Bf4.} 7. c4 c5 8. dxc5 Nxc5 {[#] The position is equal.} 9. cxd5 $146 (9. b4 $5 {[%cal Rb4c5]} Nce4 10. Nxe4 dxe4 11. Ng5 $14) ({Predecessor:} 9. b4 Nce4 10. c5 Be7 11. Bb2 Nxd2 12. Nxd2 a5 13. a3 Bd7 14. Nb3 axb4 15. axb4 {0-1 (52) Zelenika,Z (2025)-Materni,A (2087) Zagreb 2010}) 9... Nxd5 10. Nc4 Bb8 (10... Be7 $11) 11. a3 a5 {[%cal Ba7a5,Ba5b4,Bb4a3][%mdl 32]} 12. e4 (12. Qc2 $14) 12... Nf6 (12... Nxe4 $15 {keeps the upper hand.} 13. a4 Ba7) 13. e5 Nd5 14. Nd6 ({White must play} 14. Qc2 $1 $14) 14... Bd7 (14... Bxd6 $15 15. exd6 Qxd6) 15. b4 (15. Ng5 $11 {keeps the balance.} Bxd6 16. exd6) 15... axb4 {[#] Strongly threatening ...Bxd6.} 16. Be3 $2 {[%mdl 8192]} ({White should play} 16. Bg5 $15 Qb6 17. axb4 Rxa1 18. Qxa1) 16... Nxe3 $19 17. fxe3 bxa3 18. Nd4 (18. Qc2 $142 Bxd6 19. exd6) 18... Ba4 (18... Bxd6 $142 19. exd6 Qb6) 19. Qc1 Bxd6 20. exd6 e5 $2 (20... Qxd6 $19 {aiming for ...Bb3.} 21. Qxa3 Ra6) 21. Nf5 $2 (21. Qxc5 $11 {and White is okay.} exd4 22. exd4 (22. Rxa3 dxe3 23. Rxe3 Ra6 $11)) 21... Nb3 $1 {[%csl LRa1,LRc1][%mdl 64] [#] Double Attack} 22. Qxa3 Nxa1 23. Rxa1 (23. Qxa1 {is the only way for White.} Ra5 24. Qc3) 23... Bc6 24. Ne7+ Kh8 25. Qc5 $2 (25. Qxa8 Qxa8 26. Rxa8 Rxa8 27. Bxc6 bxc6 28. Nxc6 Ra1+ 29. Kf2) 25... Rxa1+ 26. Kf2 Ra2+ {Black mates.} 27. Kg1 Rxg2+ 28. Kf1 Rd2 29. Nxc6 bxc6 30. Qxe5 {Accuracy: White = 24%, Black = 38%.} 0-1

[Event "Stay Safe Play From Home 210"]
[Site "T#646654Emanuel Laske"]
[Date "2020.06.08"]
[Round "6"]
[White "DrKHF"]
[Black "Tobo Rubirosa"]
[Result "1-0"]
[WhiteElo "1704"]
[BlackElo "1620"]
[Annotator "NA RC"]
[PlyCount "93"]
[EventDate "2020.06.08"]
[EventType "swiss (blitz)"]

1. g3 {[%emt 0:00:02]} g6 {[%emt 0:00:02]} 2. Bg2 {[%emt 0:00:01]} Bg7 {[%emt 0:00:01]} 3. Nf3 {[%emt 0:00:01]} Nf6 {[%emt 0:00:01]} 4. O-O {[%emt 0:00:01]} O-O {[%emt 0:00:02]} 5. d3 {[%emt 0:00:01]} c5 {[%emt 0:00:02]} 6. c3 {[%emt 0:00:02]} Nc6 {[%emt 0:00:01]} 7. Qc2 {[%emt 0:00:02]} d5 {[%emt 0:00:02]} 8. Bg5 {[%emt 0:00:03]} Bf5 {[%emt 0:00:03]} 9. Nbd2 {[%emt 0:00:02]} Rc8 {[%emt 0:00:03]} 10. Rfe1 {[%emt 0:00:01]} e5 {[%emt 0:00:03]} 11. e4 {[%emt 0:00:01]} Be6 {[%emt 0:00:03]} 12. exd5 {[%emt 0:00:05]} Bxd5 {[%emt 0:00:01]} 13. Nxe5 {[%emt 0:00:02]} Bxg2 {[%emt 0:00:03]} 14. Kxg2 {[%emt 0:00:04]} Nxe5 {[%emt 0:00:04]} 15. Rxe5 {[%emt 0:00:02]} Qc7 {[%emt 0:00:08]} 16. Nf3 {[%emt 0:00:07]} Qc6 {[%emt 0:00:06]} 17. Rae1 {[%emt 0:00:08]} Ng4 {[%emt 0:00:09]} 18. R5e4 {[%emt 0:00:10]} f5 {[%emt 0:00:05]} 19. Re7 {[%emt 0:00:05]} Nxh2 {[%emt 0:00:03]} 20. Kxh2 {[%emt 0:00:04]} Qxf3 {[%emt 0:00:03]} 21. Qe2 {[%emt 0:00:08]} Qxe2 {[%emt 0:00:04]} 22. R1xe2 {[%emt 0:00:01]} Rf7 {[%emt 0:00:12]} 23. Rxf7 {[%emt 0:00:05]} Kxf7 {[%emt 0:00:03]} 24. Re7+ {[%emt 0:00:01]} Kg8 {[%emt 0:00:02]} 25. Rxb7 {[%emt 0:00:02]} h6 {[%emt 0:00:05]} 26. Be3 {[%emt 0:00:03]} c4 {[%emt 0:00:03]} 27. d4 {[%emt 0:00:02]} Ra8 {[%emt 0:00:05]} 28. a4 {[%emt 0:00:07]} a5 {[%emt 0:00:10]} 29. Kg2 {[%emt 0:00:05]} g5 {[%emt 0:00:03]} 30. Rb5 {[%emt 0:00:03]} f4 {[%emt 0:00:04]} 31. gxf4 {[%emt 0:00:01]} gxf4 {[%emt 0:00:01]} 32. Bxf4 {[%emt 0:00:01]} Rf8 {[%emt 0:00:05]} 33. Kg3 {[%emt 0:00:04]} Bf6 {[%emt 0:00:05]} 34. Rxa5 {[%emt 0:00:04]} Bg5 {[%emt 0:00:15]} 35. Bxg5 {[%emt 0:00:03]} hxg5 {[%emt 0:00:02]} 36. Rxg5+ {[%emt 0:00:02]} Kh7 {[%emt 0:00:05]} 37. f4 {[%emt 0:00:01]} Rb8 {[%emt 0:00:06]} 38. Rb5 {[%emt 0:00:03]} Ra8 {[%emt 0:00:01]} 39. a5 {[%emt 0:00:02]} Kg6 {[%emt 0:00:03]} 40. Kf3 {[%emt 0:00:01]} Kf6 {[%emt 0:00:02]} 41. Ke4 {[%emt 0:00:03]} Re8+ {[%emt 0:00:03]} 42. Kd5 {[%emt 0:00:01]} Rd8+ {[%emt 0:00:01]} 43. Kxc4 {[%emt 0:00:01]} Rc8+ {[%emt 0:00:02]} 44. Rc5 {[%emt 0:00:01]} Rb8 {[%emt 0:00:01]} 45. b4 {[%emt 0:00:01]} Re8 {[%emt 0:00:05]} 46. a6 {[%emt 0:00:02]} Ra8 {[%emt 0:00:01]} 47. b5 {[%emt 0:00:01] Tobo Rubirosa rinde (Lag: Av=0.86s, max=2.4s)} 1-0

[Event "Stay Safe Play From Home 210"]
[Site "T#646654Emanuel Laske"]
[Date "2020.06.08"]
[Round "6"]
[White "Fingerfehler1"]
[Black "Edmatuag"]
[Result "0-1"]
[WhiteElo "1631"]
[BlackElo "1728"]
[Annotator "NA RC"]
[PlyCount "70"]
[EventDate "2020.06.08"]
[EventType "swiss (blitz)"]

1. e4 {[%emt 0:00:02]} c5 {[%emt 0:00:01]} 2. Nf3 {[%emt 0:00:01]} d6 {[%emt 0:00:02]} 3. d4 {[%emt 0:00:00]} cxd4 {[%emt 0:00:01]} 4. Nxd4 {[%emt 0:00:00]} Nf6 {[%emt 0:00:01]} 5. Nc3 {[%emt 0:00:01]} a6 {[%emt 0:00:00]} 6. Bc4 {[%emt 0:00:03]} e6 {[%emt 0:00:01]} 7. O-O {[%emt 0:00:03]} b5 {[%emt 0:00:02]} 8. Bb3 {[%emt 0:00:02]} b4 {[%emt 0:00:02]} 9. Nb1 {[%emt 0:00:07]} Nxe4 {[%emt 0:00:05]} 10. Re1 {[%emt 0:00:02]} Nc5 {[%emt 0:00:02]} 11. Nd2 {[%emt 0:00:10]} Be7 {[%emt 0:00:04]} 12. f4 {[%emt 0:00:07]} O-O {[%emt 0:00:11]} 13. Qf3 {[%emt 0:00:07]} Bb7 {[%emt 0:00:08]} 14. Qg3 {[%emt 0:00:04]} Nbd7 {[%emt 0:00:25]} 15. N2f3 {[%emt 0:00:06]} Nf6 {[%emt 0:00:10]} 16. f5 {[%emt 0:00:03]} Nxb3 {[%emt 0:00:08]} 17. axb3 {[%emt 0:00:03]} e5 {[%emt 0:00:01]} 18. Ne2 {[%emt 0:00:05]} Qb6+ {[%emt 0:00:13]} 19. Kh1 {[%emt 0:00:06]} Ne4 {[%emt 0:00:03]} 20. Be3 {[%emt 0:00:40]} Nxg3+ {[%emt 0:00:04]} 21. Nxg3 {[%emt 0:00:01]} Qc7 {[%emt 0:00:08]} 22. Rad1 {[%emt 0:00:10]} Bxf3 {[%emt 0:00:03]} 23. gxf3 {[%emt 0:00:02]} g6 {[%emt 0:00:06]} 24. Bh6 {[%emt 0:00:04]} Rfd8 {[%emt 0:00:04]} 25. Ne4 {[%emt 0:00:05]} d5 {[%emt 0:00:15]} 26. f6 {[%emt 0:00:09]} dxe4 {[%emt 0:00:03]} 27. fxe7 {[%emt 0:00:04]} Qxe7 {[%emt 0:00:05]} 28. Rxd8+ {[%emt 0:00:10]} Rxd8 {[%emt 0:00:02]} 29. Rxe4 {[%emt 0:00:01]} Rd1+ {[%emt 0:00:04]} 30. Kg2 {[%emt 0:00:01]} f5 {[%emt 0:00:06]} 31. Rc4 {[%emt 0:00:01]} f4 {[%emt 0:00:07]} 32. Rc8+ {[%emt 0:00:05]} Rd8 {[%emt 0:00:01]} 33. Rc6 {[%emt 0:00:04]} Qh4 {[%emt 0:00:03]} 34. Bxf4 {[%emt 0:00:07]} Qxf4 {[%emt 0:00:02]} 35. Rxa6 {[%emt 0:00:01]} Rd2+ {[%emt 0:00:01] Zeit (Lag: Av=0.34s, max=0.4s)} 0-1

[Event "Stay Safe Play From Home 210"]
[Site "T#646654Emanuel Laske"]
[Date "2020.06.08"]
[Round "6"]
[White "Timbre"]
[Black "Lazieri3"]
[Result "0-1"]
[WhiteElo "1600"]
[BlackElo "2070"]
[Annotator "TA"]
[PlyCount "68"]
[EventDate "2020.06.08"]
[EventType "swiss (blitz)"]

{[%evp 12,67,15,15,17,-10,-12,-14,0,0,20,0,0,0,7,10,40,-5,35,-19,-12,-23,-23,-22,-19,-34,-29,-38,-33,-33,-36,-33,-29,-27,-23,-43,-29,-44,-45,-38,-25,-25,-22,-22,-26,-16,1370,-652,-631,-29992,-29993,-29993,-29994,-29996,-2280,-29998,-29999,-29999]} 1. d4 c6 2. Nf3 d5 3. c3 Nf6 4. Bf4 Bf5 5. e3 e6 6. Bd3 Bxd3 7. Qxd3 Bd6 {D02: 1 d4 d5 2 Nf3 sidelines, including 2...Nf6 3 g3 and 2...Nf6 3 Bf4.} 8. Bg3 Bxg3 9. hxg3 h6 {The position is equal.} 10. Nbd2 Nbd7 11. e4 dxe4 12. Nxe4 Nxe4 13. Qxe4 Nf6 14. Qc2 {[#]} Qb6 $146 ({Predecessor:} 14... Qc7 15. Ne5 O-O-O 16. Nc4 Nd5 17. O-O-O Kb8 18. Rh4 f6 19. Re4 Rhe8 20. Rde1 Qf7 {½-½ (32) Zlatanovic,S (1544)-Brilej,J (1965) Otocec 2016}) 15. Kf1 (15. O-O-O $14) 15... O-O $11 16. Kg1 c5 17. dxc5 Qxc5 18. Rf1 Rfd8 19. a3 Rd6 20. Rh4 Rad8 21. Qb3 b6 22. Qa4 a5 23. Qc2 R8d7 24. Qb3 b5 25. a4 bxa4 26. Qxa4 Rd8 27. Rc4 Qh5 28. Rh4 Qb5 $2 {[%mdl 8192] [#]} (28... Qf5 $11) 29. Qa3 $4 {[%mdl 8192]} (29. Qxb5 $18 Rd5 30. Qe2) 29... Rd1 $19 30. Rxd1 Rxd1+ 31. Kh2 Qf1 {[%csl Gd1][%cal Rf1h1]} 32. g4 g5 (32... Ne4 $142 33. Kh3 Qxf2 34. Qf8+ Kxf8 35. Rh5 Qg3#) 33. Rh3 Qh1+ 34. Kg3 Ne4# {Accuracy: White = 60%, Black = 71%.} 0-1